LEADER 00884nam a2200253 i 4500 001 991000295989707536 005 20020509164713.0 008 930505s1982 us ||| | eng 020 $a010814718X 035 $ab11337874-39ule_inst 035 $aPARLA205629$9ExL 040 $aDip.to Filol. Class. e Med.$bita 100 1 $aGriffin, Audrey$0152832 245 10$aSikyon /$cAudrey Griffin 260 $aOxford :$bClarendon Press,$c1982 300 $a171 p. :$b4 p. di tav. ;$c22 cm. 490 0 $aOxford classical and philosophical monographs 650 4$aStoria antica - Sicione 907 $a.b11337874$b01-03-17$c01-07-02 912 $a991000295989707536 945 $aLE007 938 GRI 01.01$g1$i2007000011560$lle007$o-$pE0.00$q-$rl$s- $t0$u1$v0$w1$x0$y.i11511758$z01-07-02 996 $aSikyon$9177623 997 $aUNISALENTO 998 $ale007$b01-01-93$cm$da $e-$feng$gus $h0$i1 LEADER 00939nam a2200253 i 4500 001 991001601399707536 005 20020503123454.0 008 980507s1952 uk ||| | eng 020 $a0852295316 035 $ab10244682-39ule_inst 035 $aLE01281013$9ExL 040 $aDip.to Lingue$bita 100 1 $aBoswell, James$0131354 245 10$aLife of Samuel Johnson, LL,D. /$cJames Boswell /$cMortimer J. Adler 260 $aChicago...[etc.] :$bEncyclopaedia Britannica, INC.,$cc1952-1994 300 $axvii, 618 490 0 $aGreat Books of the Western World ;$v41 700 1 $aAdler, Mortimer J. 907 $a.b10244682$b17-02-17$c27-06-02 912 $a991001601399707536 945 $aLE012 REF 032.1 GRE 41$cv. 41$g1$i2012000000414$lle012$o-$pE0.00$q-$rn$so $t0$u0$v0$w0$x0$y.i1029479x$z27-06-02 996 $aLife of Samuel Johnson, LL,D$9206593 997 $aUNISALENTO 998 $ale012$b01-01-98$cm$da $e-$feng$guk $h0$i1